Statistics for Countries by cities

Click here to take the quiz!

General Stats

  • This quiz has been taken 316 times
  • The average score is 17 of 20

Answer Stats

HintAnswer% Correct
BarcelonaSpain
99%
MelbourneAustralia
98%
NaplesItaly
98%
Rio de JaneiroBrazil
97%
ChicagoUnited States
97%
MunichGermany
95%
OsakaJapan
95%
MarseilleFrance
94%
VladivostokRussia
94%
DubaiUnited Arab Emirates
94%
CalgaryCanada
90%
ThessalonikiGreece
87%
WroclawPoland
87%
AntwerpBelgium
86%
MalmoSweden
80%
IzmirTurkey
75%
SplitCroatia
72%
HaifaIsrael
72%
ShantouChina
71%
Novi SadSerbia
55%

Score Distribution

Percentile by Number Answered

Percent of People with Each Score

Your Score History

You have not taken this quiz